000
00345pam a2200157a 44500
008
230515b2010 xxu||||| |||| 00| 0 eng d
020
_a
NULL
041
_a
ENGLISH
082
_a
621.43 RAM
100
_a
S RAMAMRUTHAM
245
_a
THEORY OF STRUCTURES
250
_a
9
260
_a
_b
DHANPAT RAI
_c
2010
300
_a
1272
650
_a
NULL
999
_c
640909
_d
640909